000 00979cam a2200289 a 4500
999 _c233681
_d233681
001 3488568
003 Nust
005 20170310094359.0
008 940916s1994 nyu 000 1 eng
010 _a 94037546
020 _a9780349106625
040 _aDLC
_cDLC
_dDLC
041 1 _aeng
_hfre
043 _aa-le---
050 0 0 _aPQ3979.2.M28
_bR6313 1994
082 0 0 _a843
_bMAA
100 1 _aMaalouf, Amin.
240 1 0 _aRocher de Tanios.
_lEnglish
245 1 4 _aThe rock of Tanios /
_cAmin Maalouf ;
250 _a1st ed.
260 _aNew York :
_bG. Braziller,
_c1994.
300 _a275 p. ;
_c22 cm.
651 0 _aLebanon
_xHistory
_y1516-1918
_xFiction.
655 7 _aHistorical fiction.
_2gsafd
906 _a7
_bcbc
_corignew
_d1
_eocip
_f19
_gy-gencatlg
942 _2ddc
_cBK